000 00731nam a2200229 a 4500
001 21570
003 CO-ViMGA
008 141112s2004 ck r 000 u spa d
020 _a8424607813
040 _aCO-ViMGA
_bspa
_cCO-ViMGA
082 0 4 _aI 649.3 A715c
100 1 _aAránega, Susanna; Portell, Joan
_930813
245 1 0 _aLa comida
260 _aBarcelona :
_bLa galera,
_c2000
300 _a30
490 _aDescubrimos; 11
590 _aForma de adquisición : Donación fact. 8849 - - Precio : 28000 - - Proveedor : Fundación exito - - Fecha de adquisición : Junio 2007
650 1 4 _aALIMENTOS PARA NIÑOS
_930814
650 1 4 _aNIÑOS - ALIMENTACION
_930815
650 1 4 _aNUTRICION INFANTIL
_950105
942 _2ddc
_cBK
999 _c6689
_d6689